| 000 | 00417cam a2200169ua 4500 | ||
|---|---|---|---|
| 020 | _c1.25 | ||
| 041 |
_amal _h |
||
| 082 |
_a894.8122 _bLAZ/DY |
||
| 100 | _aLazar manalur, . | ||
| 245 |
_aDyva puthranum Manushyatmakkalum / _cLazar Manalur. _hTextual Documents |
||
| 260 |
_aThrissur : _bCurrent Books , _c1959. |
||
| 300 | _a79 ; . | ||
| 365 | _a1.25 | ||
| 504 | _a | ||
| 942 | _cBK | ||
| 999 |
_c1186 _d1186 |
||